Orientaciones sexuales : Alternativas e identidad /

Kaydedildi:
Detaylı Bibliyografya
Yazar: Careaga Pérez, Gloria
Materyal Türü: Metin
Dil:Spanish
Baskı/Yayın Bilgisi: México, D.F.: Universidad Nacional Autónoma de México. Programa Universitario de Estudios de Género
Konular:
Etiketler: Etiketle
Etiket eklenmemiş, İlk siz ekleyin!

MARC

LEADER 00000 a a2200000 04500
001 35627
003 cru CIDCACS/IIS
005 20170526114556.0
008 170526b xxu||||| |||| 00| 0 spa d
020 |a 970-701-542-X  
040 |c CIDCACS/IIS 
090 |a 05.03.01 C271s  
100 1 |a Careaga Pérez, Gloria  
245 |a Orientaciones sexuales :   |b Alternativas e identidad /   |c Gloria Careaga Pérez  
260 |a México, D.F.:   |b Universidad Nacional Autónoma de México. Programa Universitario de Estudios de Género  
300 |a Páginas 171-187 
650 |a IDENTIDAD SEXUAL  
650 |a SEXUALIDAD  
942 |2 ddc  |c LI 
773 0 |0 406  |9 988  |a Careaga Pérez, Gloria   |d México, D.F.: Universidad Nacional Autónoma de México. Programa Universitario de Estudios de Género   |o 03450  |t Sexualidades diversas :   |w (cru CIDCACS/IIS)35620  |x 970-701-542-X   |z 970-701-542-X  
999 |c 12509  |d 12509